[Event "Campalto CIS 54th Promoz Veneto G1"]
[Site "Campalto"]
[Date "2023.05.20"]
[Round "2.1"]
[White "Calore, Elias"]
[Black "Sottroi, Carlo"]
[Result "0-1"]
[WhiteElo "1480"]
[BlackElo "1741"]
[PlyCount "60"]
[EventDate "2023.05.20"]
[EventType "team-tourn"]
[EventRounds "3"]
[EventCountry "ITA"]
[SourceTitle "EXT 2024"]
[Source "ChessBase"]
[SourceDate "2023.10.10"]
[SourceVersion "1"]
[SourceVersionDate "2023.10.10"]
[SourceQuality "1"]
[WhiteTeam "Campalto Zichichi Archimede"]
[BlackTeam "Trichiana"]
[WhiteTeamCountry "ITA"]
[BlackTeamCountry "ITA"]

1. d4 Nf6 2. Nf3 g6 3. Bf4 Bg7 4. e3 0-0 5. Be2 d6 6. Nbd2 e6 7. h4 h6 8. c3 Nc6 9. Qc2 Bd7 10. e4 Qe8 11. 0-0-0 Ng4 12. Bg3 e5 13. d5 Ne7 14. Nh2 Nxh2 15. Rxh2 f5 16. f4 exf4 17. Bxf4 fxe4 18. Qxe4 Rxf4 19. Qxf4 Be5 20. Qf2 Bxh2 21. g3 Bxg3 22. Qxg3 Nf5 23. Qh2 Qe7 24. Nf3 Re8 25. Bd3 Qe3+ 26. Qd2 Qxf3 27. Rg1 Kh7 28. Kb1 Qe3 29. Qd1 Nxh4 30. Qf1 Qxd3+ 0-1

[Event "Veneto-ch qf 81st"]
[Site "Verona"]
[Date "2022.05.07"]
[Round "3.19"]
[White "Calore, Elias"]
[Black "Peretti, Eva"]
[Result "1-0"]
[WhiteElo "1443"]
[BlackElo "1214"]
[PlyCount "53"]
[EventDate "2022.05.06"]
[EventType "swiss"]
[EventRounds "5"]
[EventCountry "ITA"]
[SourceTitle "EXT 2024"]
[Source "ChessBase"]
[SourceDate "2023.10.10"]
[SourceVersion "1"]
[SourceVersionDate "2023.10.10"]
[SourceQuality "1"]

1. d4 d5 2. c4 c6 3. Nc3 Nf6 4. Nf3 e6 5. Bg5 Be7 6. e3 0-0 7. Bd3 Nbd7 8. cxd5 cxd5 9. 0-0 Nb6 10. Rc1 Bd7 11. Qe2 Ne8 12. Bxe7 Qxe7 13. Rc2 Nd6 14. b3 Rac8 15. Rfc1 f6 16. Nd2 e5 17. dxe5 fxe5 18. f3 Qg5 19. Nf1 d4 20. exd4 exd4 21. Ne4 Nxe4 22. Bxe4 Bf5 23. Rxc8 Nxc8 24. Qc4+ Kh8 25. Bxf5 Nd6 26. Qc5 Qxf5 27. Qxd6 1-0